(Record no. 3060)

MARC details
000 -LEADER
campo de control de longitud fija 00422nam a22001697a 4500
001 - NÚMERO DE CONTROL
campo de control 11610
005 - FECHA Y HORA DE LA ÚLTIMA TRANSACCIÓN
campo de control 20250522045635.0
008 - DATOS DE LONGITUD FIJA--INFORMACIÓN GENERAL
campo de control de longitud fija 5230202012 dr a
020 ## - NÚMERO INTERNACIONAL ESTÁNDAR DEL LIBRO
Número Internacional Estándar del Libro 978-9945-462-47-0
082 ## - NÚMERO DE LA CLASIFICACIÓN DECIMAL DEWEY
Número de clasificación RD 972.93053
Número de ítem R2721e2
100 ## - ENTRADA PRINCIPAL--NOMBRE DE PERSONA
Nombre de persona
245 ## - MENCIÓN DEL TÍTULO
Título
Mención de responsabilidad, etc. AnneC. Reid cabral.
250 ## - MENCION DE EDICION
Mención de edición 2
260 ## - PUBLICACIÓN, DISTRIBUCIÓN, ETC.
Lugar de publicación, distribución, etc. República Dominicana :
300 ## - DESCRIPCIÓN FÍSICA
Extensión 168 p. :
Otros detalles físicos il. ; 23 cm.
505 ## - NOTA DE CONTENIDO CON FORMATO
Nota de contenido con formato Incluye Índice Onomástico
Holdings
Estatus retirado Estado de pérdida Estado de daño No para préstamo Colección Biblioteca de origen Biblioteca actual Fecha de adquisición Total de préstamos Signatura topográfica completa Código de barras Visto por última vez Copia número Precio de reemplazo Tipo de ítem Koha
        Acervo general de Libros Biblioteca Central Mons. Favio M. Rivas S. Biblioteca Central Mons. Favio M. Rivas S. 06/04/2016   RD 972.93053 000000004699 23/05/2025 1 23/05/2025 Libros